00980nam a22002774a 4500003000400000005001700004008004100021020003000062040003100092050001400123100002900137245010500166250001900271260004600290300004700336336002600383337002800409338002700437504005100464650004600515650002400561650003500585650002400620650002700644700003100671OSt20260204115235.0  a9780323227933 (Paperback) cNUSTaNUSTbengdNUSTerda aSF761 COL1 aColville, ThomaseAuthor10aClinical anatomy and physiology for veterinary technicians /cThomas Colville and Joanna M. Bassert. aThird edition. aSt. Louis, Missouri :bElsevier,c©2016. axvii, 634 pages :bIllustrations ;c28 cm. 2rdacontentatextbtxt 2rdamediaaunmediatedbn 2rdacarrieravolumebnc aIncludes bibliographical references and index.12aAnimals, Domesticxanatomy and histology.22aAnimal technicians.22aAnimals, Domesticxphysiology. 0aVeterinary anatomy. 0aVeterinary physiology.1 aBassert, Joanna M.eAuthor